| 000 | 00345nam a2200145Ia 4500 | ||
|---|---|---|---|
| 008 | 230917s9999||||xx |||||||||||||| ||und|| | ||
| 040 |
_e82610 _aMAIN |
||
| 041 | _aEnglish | ||
| 082 | _a363.7 S13G | ||
| 100 | _aShafi, Mohammad, ed | ||
| 245 | 0 | _aGeography of environment | |
| 260 |
_aJaipur _bRawat _c1994 |
||
| 300 | _ax, 425 p. | ||
| 942 | _cBK | ||
| 999 |
_c83536 _d83536 |
||